00299nam a2200133Ia 45000030006000000080041000060400015000471000017000622450037000792500011001162600009001275460012001360050017001480STCL150530s9999 xx 000 0 und d aSTCLcSTCL aKhosla, B.D. aPrinciples of physical chemistry aSecond c1965 aEnglish20220125170238.0